| 000 | 00413pab a2200157 454500 | ||
|---|---|---|---|
| 008 | 180718b2011 xxu||||| |||| 00| 0 eng d | ||
| 100 | _aDavier, William | ||
| 245 | _aEconomic advice as a vocation: Symbioses of scientific and political authority | ||
| 260 | _c2011 | ||
| 300 | _ap.304-323. | ||
| 362 | _aJun | ||
| 650 | _aEconomics | ||
| 773 | _aBritish Journal of Sociology | ||
| 908 | _aN | ||
| 909 | _a92215 | ||
| 999 |
_c92215 _d92215 |
||